History Quiz

Random History or Popular Quiz
Score 0/18 Timer 05:00
0 Plays Today
% Correct
Woman with a Rake
88%
Madonna and Child
86.4%
Buste De Femme
86.1%
Lady with an Ermine
85.2%
Portrait of
Dirck Jansz Pesser
85.1%
Woman Needs Hour
Alone at Target
84.6%
Woman Cleaning Again
83.1%
Marie Jeanne Puissant
79.2%
Portrait of
Disappointed Graduate
76.7%
% Correct
Why Wax Studios Are
Essential Businesses
76.2%
School Clothes 2020
75.9%
Binging Make-up Tutorials
75.3%
Camouflage for
Quarantine Roots
74.5%
Drawing Closer
73.5%
Happy Hour Zoom
72.1%
Portrait of the Journalist
Sylvia Von Harden
70.8%
The Cancellation of Prom
67.8%
When the Heart is Young
56.4%
Remove Ads.
Support Sporcle.
Get the best of Sporcle when you Go Orange. This ad-free experience offers more features, more stats, and more fun while also helping to support Sporcle. Thank you for becoming a member.

You're not logged in!

Compare scores with friends on all Sporcle quizzes.
OR
Log In

Sporcle TV

Today on Sporcle TV


Watch our educational content, quiz creation guides, and fun videos on Sporcle TV.

Show Comments

Extras

Top Quizzes Today


Score Distribution

Paid Content

Your Account Isn't Verified!

In order to create a playlist on Sporcle, you need to verify the email address you used during registration. Go to your Sporcle Settings to finish the process.

Report this User

Report this user for behavior that violates our Community Guidelines.

Details: